000 00632nam a2200217Ia 4500
001 7377
003 GE_BSU
008 181216s||||||||xx |||||||||||||| ||und||
040 _cGE_BSU
080 _a621.771.23(035.3)
100 _aГуревич,Д.Я.
245 _aКраткий справочник прокатчика.
245 _cРед.Н.М.Федосов, М.Л.Берштеин.
260 _aМ.
260 _bМеталлургиздат.
260 _c1955.
300 _a415стр. 14см.
300 _eтабл. рис.
653 _aКраткий справочник прокатчика.
942 _cBK
999 _c40738
_d40738